Emotions in groups , organizations and cultures (Record no. 445547)

000 -LEADER
fixed length control field 00653cam a22001817a 4500
008 - FIXED-LENGTH DATA ELEMENTS--GENERAL INFORMATION
fixed length control field 180718b2009 xxu||||| |||| 00| 0 eng d
020 ## - INTERNATIONAL STANDARD BOOK NUMBER
International Standard Book Number 9781848556546
082 ## - DEWEY DECIMAL CLASSIFICATION NUMBER
Classification number K95 H252
100 ## - MAIN ENTRY--PERSONAL NAME
Personal name Hartel , Charmine F.J. and Hartel, Neal M. and Zerbe, Wilfred J.
245 ## - TITLE STATEMENT
Title Emotions in groups , organizations and cultures
Statement of responsibility, etc. edited by Charmine F.J. Hartel , Neal M. Hartel and Wilfred J. Zerbe
260 ## - PUBLICATION, DISTRIBUTION, ETC.
Place of publication, distribution, etc. India
Name of publisher, distributor, etc. Emerald
Date of publication, distribution, etc. 2009
300 ## - PHYSICAL DESCRIPTION
Extent 332p.
650 ## - SUBJECT ADDED ENTRY--TOPICAL TERM
Topical term or geographic name entry element Cultures
650 ## - SUBJECT ADDED ENTRY--TOPICAL TERM
Topical term or geographic name entry element EMONET
650 ## - SUBJECT ADDED ENTRY--TOPICAL TERM
Topical term or geographic name entry element Decision making -- Moral and ethical aspects -- Congresses
650 ## - SUBJECT ADDED ENTRY--TOPICAL TERM
Topical term or geographic name entry element Emotions -- Congresses
650 ## - SUBJECT ADDED ENTRY--TOPICAL TERM
Topical term or geographic name entry element Psychology, Industrial -- Congresses
Holdings
Withdrawn status Lost status Damaged status Not for loan Permanent Location Current Location Date acquired Full call number Barcode Date last seen Price effective from Koha item type
        Indian Institute of Public Administration Indian Institute of Public Administration 2017-03-30 K95 H252 86909 2018-07-21 2018-07-21 Book

Powered by Koha